Química biológica /

Guardado en:
Autor Principal: Blanco, Antonio
Formato: Libro
Publicado: Buenos Aires : El Ateneo, 2000
Edición:7a. ed.
Materias:
Etiquetas: Agregar Etiqueta
Sin Etiquetas, Sea el primero en etiquetar este registro!
LEADER 01231nam a22002295a 4500
001 CEM.cems016602
005 20110625101254.0
008 130507s2000##################000#0#####d
003 CEMS
020 |a 9500203820 
082 0 4 |a 574.19 
100 1 |a Blanco, Antonio 
245 1 0 |a Química biológica /  |c Antonio Blanco 
250 |a 7a. ed. 
260 |a Buenos Aires :  |b El Ateneo,  |c 2000 
300 |a 605 p. 
505 0 |a Composición química del organismo -- Agua -- Proteínas -- Hidratos de carbono -- Lípidos -- Acidos nucleicos -- Elementos de termodinámica y cinética bioquímicas -- Enzimas -- Oxidaciones biológicas, bioenergética -- Membranas -- Digestión. Absorción -- Metabolismo -- Metabolismo de hidratos de carbono -- Metabolismo de lípidos -- Metabolismo de aminoácidos -- Metabolismo del hemo -- Metabolismo de purinas y pirimidinas -- Regulación del metabolismo -- La información genética -- Biosíntesis de proteínas -- Sistema endocrino -- Vitaminas -- Balance hidromineral -- Tejidos -- Bases moleculares de la inmunidad 
653 |a Lípidos 
653 |a Bioenergética 
653 |a Metabolismo 
653 |a Química biológica 
859 |a CEMS  |b BIB. CEMS - Agricultura  |h 574.19  |i B593a7  |p A0295.00  |t Ej.1